000 00407nam a2200157Ia 4500
008 230524s9999 xx 000 0 und d
082 _a621.3821
_bCHA
100 _aA.Chakrabarti
245 0 _aFundamentals of Power Electronics and Drives
250 _a2ND
260 _aNEW DELHI
_bDhanpat Rai
_c2004
300 _aXII;14.14+A33
500 _aQuantity Number: 3
650 _aElectronics
942 _cBK
999 _c13880
_d13880